000 00746nam a2200217 a 4500
001 65140
003 BD-RjUL
005 20211209081406.0
008 170228s1938 ii |||| |||| 000 0 ben d
035 _a(BD-RjUL)65270
040 _aBD-RjUL
_bben
_cBD-RjUL
_dBD-RjUL
041 _aben
082 _223
_a780
_bROS 1938
100 1 _aরায়, দিলীপকুমার
_9179531
245 1 0 _aসাঙ্গীতিকী /
_cদিলীপকুমার রায়
260 _aকলিকাতা :
_bকলিকাতা বিশ্ববিদ্যালয়,
_c১৯৩৮
300 _a২৫৮ পৃ. ;
_c১৭ সেমি.
650 _aসঙ্গীত
_9170337
650 _aMusic
_9171253
942 _2ddc
_cBK
999 _c65140
_d65140